Auditing (Record no. 152846)

MARC details
000 -LEADER
fixed length control field 00648nam a22002297a 4500
003 - CONTROL NUMBER IDENTIFIER
control field dpl
005 - DATE AND TIME OF LATEST TRANSACTION
control field 20180619161257.0
008 - FIXED-LENGTH DATA ELEMENTS--GENERAL INFORMATION
fixed length control field 180619b xxu||||| |||| 00| 0 eng d
010 ## - LIBRARY OF CONGRESS CONTROL NUMBER
LC control number B-026412
020 ## - INTERNATIONAL STANDARD BOOK NUMBER
International Standard Book Number 8125907785
Terms of availability 0.00
035 ## - SYSTEM CONTROL NUMBER
System control number B-026412
037 ## - SOURCE OF ACQUISITION
Source of stock number/acquisition BPPD/PUB
040 ## - CATALOGING SOURCE
Original cataloging agency dpl
Language of cataloging English
Transcribing agency 0
082 ## - DEWEY DECIMAL CLASSIFICATION NUMBER
Classification number 615.45
100 ## - MAIN ENTRY--PERSONAL NAME
Personal name Bhatia, R C
245 ## - TITLE STATEMENT
Title Auditing
Statement of responsibility, etc by R C Bhatia
260 ## - PUBLICATION, DISTRIBUTION, ETC. (IMPRINT)
Place of publication, distribution, etc New Delhi
Name of publisher, distributor, etc Vikas publishing house (P) Ltd
270 ## - ADDRESS
Address 576, Masjid road,Jangpura,
City New Delhi
Postal code 110014
300 ## - PHYSICAL DESCRIPTION
Extent xv. 508 p.
Dimensions 23 cm (Hb)
650 ## - SUBJECT ADDED ENTRY--TOPICAL TERM
Topical term or geographic name as entry element Auditing
942 ## - ADDED ENTRY ELEMENTS (KOHA)
Institution code [OBSOLETE] dpl
Koha item type English Books
Call number prefix 615.45 / BHA
Source of classification or shelving scheme Dewey Decimal Classification
Classification part 615.45
Call number suffix BHA
Holdings
Withdrawn status Lost status Source of classification or shelving scheme Damaged status Not for loan Collection code Home library Current library Date acquired Source of acquisition Cost, normal purchase price Total Checkouts Full call number Barcode Date last seen Cost, replacement price Price effective from Koha item type
    Dewey Decimal Classification     Non-fiction Shahdara Branch Shahdara Branch 19/06/2018 BPPD/PUB 0.00   615.45 BHA B-026412 19/06/2018 0.00 19/06/2018 English Books

© Delhi Public Library
Hit Counter
free hit counter